000 00348pab a2200145 454500
008 180718b2006 xxu||||| |||| 00| 0 eng d
100 _aThompson, Fred
245 _a"Netcentric" organization
260 _c2006
300 _ap.619-22.
362 _aJul-Aug
650 _aOrganizations
773 _aPublic Administration Review
909 _a71259
999 _c71259
_d71259